Statistics for Uralic languages

Click here to take the quiz!

General Stats

  • This quiz has been taken 23 times
  • The average score is 13 of 14

Answer Stats

HintAnswer% Correct
Majority speakers/national languageEstonia
100%
Majority speakers/national languageFinland
100%
Majority speakers/national languageHungary
100%
Regional majorityRussia
100%
Minority languageLatvia
95%
Minority languageNorway
95%
Minority languageRomania
95%
Minority languageSweden
95%
Minority languageUkraine
95%
Minority languageSerbia
91%
Minority languageCroatia
86%
Minority languageSlovakia
86%
Minority languageSlovenia
86%
Minority languageAustria
77%

Score Distribution

Percentile by Number Answered

Percent of People with Each Score

Your Score History

You have not taken this quiz